Statistics for Total drama reboot order (season 2)

Click here to take the quiz!

General Stats

  • This quiz has been taken 62 times
  • The average score is 15 of 16

Answer Stats

HintS2% Correct
16thScary girl
100%
3rdCaleb
95%
13thEmma
95%
14thMillie
95%
4thPriya
95%
5thRaj
95%
1stWayne
95%
10thAxel
93%
11thBowie
93%
15thChase
93%
2ndJulia
93%
9thRipper
93%
6thDamien
90%
7thMK
88%
12thNichelle
85%
8thZee
83%

Score Distribution

Percentile by Number Answered

Percent of People with Each Score

Your Score History

You have not taken this quiz